000 01036pam a2200289 a 4500
001 4343224
003 NUST-PNEC
005 20170116180717.0
008 890213s1989 paua f 001 0 eng
010 _a 89004283
020 _a0830602712 :
_c$27.95
020 _a0830631712
040 _aDLC
_cPNEC
_dDLC
050 0 0 _aTK7867
_b.G73 1989
082 0 0 _a621.395 GRO
_219
100 1 _aGrossblatt, Robert.
245 1 4 _aThe 8088 project book /
_cRobert Grossblatt.
250 _a1st ed.
260 _aBlue Ridge Summit, PA :
_bTAB Books,
_cc1989.
300 _avii, 252 p. :
_bill. ;
_c29 cm.
500 _aIncludes index. http://www.amazon.com/8088-Project-Book-Robert-Grossblatt/dp/0830631712/ref=sr_1_1?s=books&ie=UTF8&qid=1413887116&sr=1-1&keywords=0830631712
650 0 _aElectronic circuit design
_xAmateurs' manuals.
_xEL
650 0 _aIntel 8088 (Microprocessor)
_xAmateurs' manuals.
740 0 _aEight thousand eighty-eight project book.
906 _a7
_bcbc
_corignew
_d1
_eocip
_f19
_gy-gencatlg
942 _2ddc
_cBK
999 _c61215
_d61215